Statistiques concernant Pays les plus visités par les présidents des États-Unis

Cliquez ici pour prendre le quiz!

Statistiques générales

  • Ce quiz a été pris 13 804 fois
    (10 199 depuis la dernière actualisation)
  • Le résultat moyen est 16 sur 21

Statistiques - réponses

# des VisitesPays% Correct
47France
100%
42Royaume-Uni
98%
32Allemagne
97%
40Canada
97%
13Chine
97%
33Mexique
97%
15Russie
97%
10Espagne
96%
13Brésil
94%
23Japon
94%
31Italie
93%
19Corée du Sud
77%
19Belgique
72%
14Pologne
72%
11Irlande
71%
12Arabie Saoudite
60%
16Égypte
59%
11Israël
56%
10Panama
34%
21Vatican
32%
10Philippines
31%

Distribution des résultats

Percentile par nombre de réponses

% des personnes avec chaque résultat

Votre développement - résultats

Vous n’avez pas pris ce quiz depuis la dernière actualisation